[Event "SVK-ch U18/20 Girls"]
[Site "Tatralandia"]
[Date "2024.04.10"]
[Round "7"]
[White "Olexova, Laura"]
[Black "Skerlikova, Zuzana"]
[Result "1/2-1/2"]
[WhiteElo "1597"]
[BlackElo "1552"]
[PlyCount "40"]
[EventDate "2024.04.05"]
[EventType "swiss"]
[EventRounds "9"]
[EventCountry "SVK"]
[SourceTitle "CB16_2024"]
[SourceDate "2024.04.17"]
[SourceVersion "1"]
[SourceVersionDate "2024.04.17"]
[SourceQuality "1"]

1. e4 c6 2. d4 d5 3. exd5 cxd5 4. Nc3 Nf6 5. h3 Bf5 6. Bd3 Bxd3 7. Qxd3 Nc6 8. Bf4 e6 9. Nb5 Qa5+ 10. c3 Rc8 11. Nd6+ Bxd6 12. Bxd6 Ne4 13. Bf4 0-0 14. f3 Nf6 15. Ne2 Rfe8 16. 0-0 e5 17. dxe5 Nxe5 18. Bxe5 Rxe5 19. Kh1 Rce8 20. Nd4 g6 1/2-1/2

[Event "SVK-ch U18/20 Girls"]
[Site "Tatralandia"]
[Date "2024.04.06"]
[Round "2"]
[White "Fajtakova, Silvia"]
[Black "Olexova, Laura"]
[Result "0-1"]
[WhiteElo "1746"]
[BlackElo "1597"]
[PlyCount "94"]
[EventDate "2024.04.05"]
[EventType "swiss"]
[EventRounds "9"]
[EventCountry "SVK"]
[SourceTitle "CB16_2024"]
[SourceDate "2024.04.17"]
[SourceVersion "1"]
[SourceVersionDate "2024.04.17"]
[SourceQuality "1"]

1. e4 e5 2. Nf3 Nc6 3. d4 exd4 4. Bc4 h6 5. Nxd4 Ne5 6. Be2 Nf6 7. Nd2 d5 8. exd5 Qxd5 9. N4f3 Bd6 10. 0-0 0-0 11. c4 Nxf3+ 12. Nxf3 Qxd1 13. Rxd1 Re8 14. Re1 Bg4 15. Be3 Be5 16. Nxe5 Bxe2 17. Rxe2 Rxe5 18. Ree1 Rae8 19. Kf1 a6 20. Bd4 Rxe1+ 21. Rxe1 Rxe1+ 22. Kxe1 Nd7 23. b4 c6 24. Ke2 f5 25. Kd3 Kf7 26. a4 g6 27. c5 Ke6 28. Kc4 h5 29. b5 axb5+ 30. axb5 Ne5+ 31. Bxe5 Kxe5 32. bxc6 bxc6 33. f3 g5 34. g3 g4 35. f4+ Ke4 36. Kc3 Kd5 37. Kb4 Kd4 38. Kb3 Kxc5 39. Kc3 Kd5 40. Kd3 c5 41. Kc3 c4 42. Kc2 Kd4 43. Kd2 c3+ 44. Kc2 Kc4 45. Kc1 Kd3 46. Kd1 c2+ 47. Kc1 Kc3 0-1

[Event "SVK-ch U18/20 Girls"]
[Site "Tatralandia"]
[Date "2024.04.05"]
[Round "1"]
[White "Olexova, Laura"]
[Black "Striskova, Lucia"]
[Result "0-1"]
[WhiteElo "1597"]
[BlackElo "1884"]
[PlyCount "134"]
[EventDate "2024.04.05"]
[EventType "swiss"]
[EventRounds "9"]
[EventCountry "SVK"]
[SourceTitle "CB16_2024"]
[SourceDate "2024.04.17"]
[SourceVersion "1"]
[SourceVersionDate "2024.04.17"]
[SourceQuality "1"]

1. e4 c5 2. Nf3 Nc6 3. d4 cxd4 4. Nxd4 e6 5. Nxc6 bxc6 6. Bd3 Nf6 7. 0-0 d5 8. e5 Nd7 9. Re1 Bc5 10. Nd2 Qb6 11. Re2 Be7 12. Nf3 c5 13. b3 Bb7 14. Bf4 Rd8 15. Qe1 Qc7 16. Bg3 0-0 17. h3 c4 18. bxc4 dxc4 19. Be4 Ba6 20. c3 Nc5 21. Bc2 Nd3 22. Qf1 Qa5 23. Bxd3 cxd3 24. Rd2 Qxc3 25. Rad1 Qa5 26. Bh4 Bxh4 27. Nxh4 Qxe5 28. Nf3 Qc3 29. Qe1 Rd5 30. Qe3 Qc5 31. Qe4 h6 32. Rb2 Rfd8 33. Rdd2 Qc1+ 34. Kh2 Qc7+ 35. g3 Bb7 36. Qb4 Ba8 37. Rb3 Rf5 38. Nd4 a5 39. Qb6 Qxb6 40. Rxb6 Rxd4 41. Rb8+ Kh7 42. Rxa8 Rc5 43. Rb8 Rc2 44. Rxc2 dxc2 45. Rc8 Rd2 46. Kg2 c1R 47. Rxc1 Rxa2 48. Rc7 Kg6 49. g4 Rd2 50. h4 Rd6 51. f3 Ra6 52. Rc3 a4 53. Ra3 Kf6 54. Kf2 Ke5 55. Ke3 Kd5 56. Kd3 Kc5 57. Kc3 Kb5 58. Kb2 Rd6 59. Rc3 Kb4 60. Rc2 Rd3 61. Rf2 a3+ 62. Ka2 Rb3 63. g5 hxg5 64. hxg5 g6 65. f4 Rb2+ 66. Rxb2+ axb2 67. Kxb2 Kc4 0-1

[Event "SVK-ch U14 Girls rapid"]
[Site "Nitra"]
[Date "2021.09.11"]
[Round "6"]
[White "Olexova, Laura"]
[Black "Kovarikova, Maria"]
[Result "0-1"]
[WhiteElo "1122"]
[BlackElo "1708"]
[PlyCount "121"]
[EventDate "2021.09.11"]
[EventType "swiss (rapid)"]
[EventRounds "7"]
[EventCountry "SVK"]
[SourceTitle "EXT 2023"]
[Source "ChessBase"]
[SourceDate "2022.10.05"]
[SourceVersion "1"]
[SourceVersionDate "2022.10.05"]
[SourceQuality "1"]

1. e4 c5 2. Nf3 d6 3. Nc3 Nf6 4. Bc4 e6 5. 0-0 Be7 6. Re1 0-0 7. d4 cxd4 8. Nxd4 Nc6 9. Nxc6 bxc6 10. a3 Rb8 11. h3 d5 12. exd5 cxd5 13. Bd3 a6 14. b3 Bd6 15. Ne2 Bc7 16. Rb1 Qd6 17. Bf4 e5 18. Bc1 e4 19. Bf4 Qd7 20. Bg5 exd3 21. Qxd3 Ne4 22. Be3 f5 23. Nf4 Bb7 24. Rbd1 Bxf4 25. Bxf4 Rbc8 26. f3 Nc3 27. Rc1 d4 28. Re5 Rce8 29. Rce1 Rxe5 30. Rxe5 Re8 31. Rxe8+ Qxe8 32. Qxf5 Ne2+ 33. Kh2 Nxf4 34. Qxf4 Qd7 35. Qb8+ Bc8 36. Qb4 Qc7+ 37. Kh1 Qc3 38. Qb6 h6 39. b4 Bf5 40. Qc5 Qxc5 41. bxc5 Bxc2 42. c6 Bf5 43. Kg1 Kf7 44. Kf2 Ke7 45. g4 Bg6 46. f4 Be4 47. c7 Kd7 48. c8Q+ Kxc8 49. Ke2 Kd7 50. h4 Ke6 51. a4 a5 52. Kd2 g6 53. Ke2 h5 54. gxh5 gxh5 55. Kf2 Kf5 56. Ke2 Kxf4 57. Kf2 d3 58. Ke1 Ke3 59. Kd1 Bf3+ 60. Ke1 d2+ 61. Kf1 0-1